书目信息 |
| 题名: |
中国森林群落分类及其群落特征
|
|
| 作者: | 将有绪 著 | |
| 分册: | ||
| 出版信息: | 北京 科学出版社 1998.10 |
|
| 页数: | 399页 | |
| 开本: | 26cm | |
| 丛书名: | ||
| 单 册: | ||
| 中图分类: | S718.54 | |
| 科图分类: | ||
| 主题词: | 林业--基础科学 | |
| 电子资源: | ||
| ISBN: | 7-03-006826-2 | |
| 000 | 00601nam0 2200193 45 | |
| 001 | 0405211011 | |
| 005 | 20040521103346.8 | |
| 010 | @a7-03-006826-2@b精装@dCNY70.00 | |
| 100 | @a20040521d1998 km y0chiy0120 ea | |
| 101 | 0 | @achi |
| 105 | @a z 000yy | |
| 200 | 1 | @a中国森林群落分类及其群落特征@AZhong Guo Sen Lin Qun Luo Fen Lei Ji Qi Qun Luo Te Zheng@f将有绪等著@FJiang You Xu Deng Zhu |
| 210 | @a北京@c科学出版社@d1998.10 | |
| 215 | @a399页@d26cm | |
| 606 | 0 | @a林业@x基础科学 |
| 690 | @aS718.54@v3 | |
| 701 | 0 | @a将有绪@4著 |
| 801 | @aCN@bPftUser@c20040521 | |
| 905 | @f2@b280228-229@dS718.54@e15 | |
| 中国森林群落分类及其群落特征/将有绪等著.-北京:科学出版社,1998.10 |
| 399页;26cm |
| ISBN 7-03-006826-2(精装):CNY70.00 |
| ● |
| 相关链接 |
|
|
|
|
正题名:中国森林群落分类及其群落特征
索取号:S718.54/15
 
预约/预借
| 序号 | 登录号 | 条形码 | 馆藏地/架位号 | 状态 | 备注 |
| 1 | 0280228 | 002802284 | 第三借阅区/ [索取号:S718.54/15] | 在馆 | |
| 2 | 0280229 | 002802293 | 第三借阅区/ [索取号:S718.54/15] | 在馆 | |
| 3 | 0280230 | 002802300 | 第二样本阅览室/ [索取号:S718.54/15] | 在馆 |